01177nam a2200337 a 4500001000700000003000800007005001700015006001900032007001500051008004100066020001800107035002300125035002400148035002500172035002200197040002600219050002400245080001000269082001500279100002700294245013000321260005700451300001100508533016400519650001500683650002200698653001100720655002700731710001900758856006200777127552FlNmELB20241217180025.0m o d | cr cn|||||||||201002r2009 ag |||||s|||||||||||spa d z9789506415518 a(MiAaPQ)EBC3186649 a(Au-PeEL)EBL3186649 a(CaPaEBR)ebr10357583 a(OCoLC)1010530083 aFlNmELBbspacFlNmELB 4aHF5438.4bS177 2009 a658.804a658.812221 aSalterain, Facundo de.10aLocos por las ventash[recurso electronico] :bactitud y comportamiento para ser un vendedor exitoso /cFacundo de Salterain. aBuenos Aires, Argentina :bEdiciones Granica,c2009. a187 p. aRecurso electrónico. Santa Fe, Arg.: e-libro, 2015. Disponible vía World Wide Web. El acceso puede estar limitado para las bibliotecas afiliadas a e-libro. 4aGestión. 4aSales management. aVentas 4aLibros electrónicos.2 ae-libro, Corp.40uhttps://elibro.net/ereader/politecnicointernacional/66702